| 000 -ლიდერი |
| ფიქსირებული სიგრძის საკონტროლო ველი |
01077nam a2200205Ia 4500 |
| 001 - საკონტროლო ნომერი |
| საკონტროლო ველი |
1138 |
| 003 - საკონტროლო ნომრის იდენტიფიკატორი |
| საკონტროლო ველი |
GE_BSU |
| 005 - ბოლო ოპერაციის თარიღი და დრო |
| საკონტროლო ველი |
20220920100439.0 |
| 008 - ფიქსირებული სიგრძის მონაცემთა ელემენტები - ზოგადი ინფორმაცია |
| ფიქსირებული სიგრძის საკონტროლო ველი |
181216s2010||||ge |||||||||||||| ||geo|| |
| 040 ## - კატალოგიზაციის წყარო |
| Transcribing agency |
GE_BSU |
| 041 ## - ენის კოდი |
| Language code of text/sound track or separate title |
geo |
| 080 ## - უნივერსალური ათობითი კლასიფიკაციის ინდექსი |
| Universal Decimal Classification number |
632 თ–97 |
| 100 ## - მთავარი ჩანაწერი - პიროვნების სახელი |
| Personal name |
გოლიაძე, ვ. |
| 9 (RLIN) |
2534 |
| 245 ## - ცნობა სათაურის შესახებ |
| Title |
თხილის ბაღში ამონაყარებისა და სარეველების კონტროლი : |
| Remainder of title |
სამახსოვრო ფერმერთათვის. |
| Statement of responsibility, etc |
ვ. გოლიაძე, ჯაყელი, ე.; ჩაის,სუბტროპიკული კლტურების და ჩაის მრეწველობის ინ–ტი. |
| 264 ## - წარმოების, გამოცემის, დისტრიბუციის და სხვა ცნობები |
| გამოცემის, წარმოების, დისტრიბუციის... ადგილი |
ოზურგეთი : |
| გამოცემის, წარმოების, დისტრიბუციის... სახელწოდება |
მერიდიანი, |
| გამოცემის, წარმოების, დისტრიბუციის... თარიღი |
2010. |
| 300 ## - ფიზიკური აღწერა |
| Extent |
16 გვ.; |
| Other physical details |
20 სმ. |
| 653 ## - INDEX TERM--UNCONTROLLED |
| Uncontrolled term |
თხილის ბაღში ამონაყარებისა და სარეველების რონტროლი |
| 700 ## - ADDED ENTRY--PERSONAL NAME |
| Personal name |
ჯაყელი, ე. |
| 9 (RLIN) |
2535 |
| 942 ## - ADDED ENTRY ELEMENTS (KOHA) |
| Koha item type |
წიგნი |
| Source of classification or shelving scheme |
|